[Event "2022 PHCC Championships       "]
[Site "Port Huron"]
[Date "2022.01.27"]
[Round "3"]
[White "Morabito, Matthew"]
[Black "Klaty, Trenton"]
[Result "1-0"]
[WhiteElo "1861"]
[BlackElo "1171"]
[Annotator "alan1"]
[PlyCount "169"]
[EventDate "2022.01.27"]
[EventType "tourn"]
[EventRounds "9"]

1. Nf3 Nf6 2. d4 g6 3. g3 d5 4. Bg2 Bg7 5. c4 c6 6. O-O O-O 7. Nc3 Bf5 8. Qb3
Qb6 9. Qxb6 axb6 10. cxd5 cxd5 ({Relevant:} 10... Nxd5 11. Nxd5 cxd5 12. Bd2
Nc6 13. e3 Rfc8 14. Rfc1 {1/2-1/2 (14) Meskovs,N (2495)-Shirov,A (2648) Riga
2017}) 11. Ne5 Be6 12. Bg5 Rd8 {[#]} 13. Nd3 $146 ({Predecessor:} 13. Nb5 Na6
14. Rfc1 Rac8 15. Rc3 Rxc3 16. bxc3 Rc8 17. c4 Rd8 18. Rb1 h6 19. Be3 Ne4 20.
Nd3 Nd6 21. cxd5 Bf5 22. Nxd6 Rxd6 23. Bf4 Bxd3 24. exd3 Rf6 25. Be5 Rf5 26.
Be4 Bxe5 27. Bxf5 Bxd4 28. Bc8 Nc5 29. Rxb6 Nxd3 30. Rxb7 Bxf2+ 31. Kg2 Bc5 32.
a4 Nb4 33. a5 Nxd5 34. Rb5 Ne3+ 35. Kf3 Ba7 36. Rb7 Bc5 37. Rc7 Bd4 38. Ke4 e5
39. a6 f5+ 40. Kf3 Kh8 41. a7 Bxa7 42. Rxa7 Ng4 {Alves,D (1760)-De Carvalho,A 
(1192) Sao Jose dos Campos 2021 1-0}) 13... Na6 14. Nf4 Nc7 15. Nxe6 fxe6 16.
Bf4 Rac8 17. Bh3 Kf7 18. Rfe1 Nh5 19. Bxc7 Rxc7 20. e3 Bf6 21. Rac1 Rdc8 22. e4
Bxd4 (22... dxe4 23. Rxe4 Ng7 24. Rce1 Rc6 25. d5 exd5 26. Nxd5 e6 27. Nxf6
Kxf6) 23. exd5 Ng7 24. Bxe6+ (24. dxe6+ {...is better!}) 24... Nxe6 25. Rxe6 b5
26. Rd1 Bxc3 27. bxc3 Rxc3 28. Rb6 R8c7 (28... Rc1 29. Rxc1 Rxc1+ 30. Kg2 Rc2
31. Rxb7 Kf6 32. a3 Rb2 33. a4 b4 34. a5 Ke5 35. Rxe7+ Kxd5 36. Rd7+ Kc4 37.
Rxh7 Ra2 38. Rc7+ Kd3 39. Rb7 Kc3 40. Rc7+ {...equal.}) 29. Rxb5 Ra3 30. Rd2
Rd7 31. Rdb2 b6 32. Re2 Rd6 33. Kg2 Rd3 34. Reb2 R6xd5 35. Rxd5 Rxd5 36. Rxb6
Ra5 37. Rb2 Ra3 38. Re2 e5 39. Kh3 Kf6 40. Kg2 Kf7 41. Kf1 e4 42. Ke1 Kf6 43.
Kd1 Kf5 44. Kc1 h5 45. Kb2 Ra8 46. a3 Rb8+ 47. Kc3 Rc8+ 48. Kb4 Rb8+ 49. Kc5
Rc8+ 50. Kd6 Rd8+ 51. Kc7 Ra8 52. Ra2 Ra4 53. Kc6 Kg4 54. Kb5 Ra8 55. a4 Kf3
56. a5 Rb8+ 57. Kc5 Rc8+ 58. Kd5 Rd8+ 59. Ke5 g5 60. a6 h4 61. a7 Ra8 62. Kf5
hxg3 63. hxg3 g4 64. Ra3+ Kxf2 65. Kxe4 Re8+ 66. Kf5 Rf8+ 67. Kxg4 Rg8+ 68. Kf5
Rf8+ 69. Ke6 Re8+ 70. Kf7 Ra8 71. g4 Ke2 72. g5 Kd2 73. g6 Kc2 74. g7 Kb2 75.
Ra6 Kc3 76. g8=R Rxa7+ 77. Rxa7 Kd4 78. Re8 Kd5 79. Rd7+ Kc6 80. Ke6 Kb6 81.
Rc8 Ka5 82. Rd1 Kb6 83. Rb1+ Ka7 84. Rc2 Ka8 85. Ra2# 1-0

[Event "2022 PHCC Championships      "]
[Site "Port Huron"]
[Date "2022.01.27"]
[Round "3"]
[White "Malburg, Drew"]
[Black "Klaty, Brad"]
[Result "1-0"]
[WhiteElo "1348"]
[BlackElo "1222"]
[PlyCount "55"]
[EventDate "2022.01.27"]
[EventType "tourn"]
[EventRounds "9"]

1. e4 c5 2. Nf3 d6 3. d4 cxd4 4. Nxd4 Nf6 5. Nc3 a6 6. Be3 Nc6 7. f3 e6 8. Qd2
Be7 9. O-O-O Nxd4 10. Qxd4 e5 11. Qd2 O-O 12. g4 b5 13. g5 Nd7 14. Nd5 {[#]}
Re8 $146 ({Relevant:} 14... Bb7 15. Nxe7+ Qxe7 16. Qxd6 Qxd6 17. Rxd6 Rfd8 18.
Bh3 Nf8 19. Rhd1 Rxd6 20. Rxd6 Ng6 21. Rb6 Bc8 22. Bxc8 Rxc8 23. Rxa6 Rb8 24.
a4 bxa4 25. Rxa4 Kf8 26. Ra7 Ke8 27. Bc5 h6 28. gxh6 gxh6 29. b4 Rd8 30. b5 Rd7
31. b6 Ne7 32. Bxe7 {1-0 (32) Dominguez Coig,A (1564)-Pardo Robles,J (1795)
Collado Villalba 2018}) 15. Nxe7+ Rxe7 16. Qxd6 Re6 17. Qd5 Rb8 18. h4 Qe7 19.
Bh3 Rg6 20. Bxd7 Bb7 21. Bc5 Qd8 22. Qxe5 Ra8 23. Bf5 Qa5 24. Kb1 Rc6 25. Rd7
f6 26. gxf6 gxf6 27. Rg1+ Kh8 28. Qe7 1-0

[Event "2022 PHCC Championships     "]
[Site "Port Huron"]
[Date "2022.01.27"]
[Round "3"]
[White "Wingrove, William"]
[Black "Avdic, Huso"]
[Result "0-1"]
[WhiteElo "1534"]
[BlackElo "2092"]
[Annotator "alan1"]
[PlyCount "80"]
[EventDate "2022.01.27"]
[EventType "tourn"]
[EventRounds "9"]

1. e4 c5 2. Nf3 Nc6 3. d4 cxd4 4. Nxd4 Nf6 5. Nc3 d6 6. Bg5 e6 7. Qd2 a6 8.
O-O-O Qc7 ({Relevant:} 8... h6 9. Bf4 Bd7 10. Nxc6 Bxc6 11. f3 Qb6 12. Bc4 Rd8
13. Bb3 Be7 14. Be3 Qc7 15. Qf2 Qb8 16. Bb6 Rc8 17. g4 O-O 18. h4 Nd7 19. Bd4
Nc5 20. Rhg1 b5 21. h5 b4 22. g5 Bxg5+ 23. f4 Nxb3+ 24. axb3 f6 25. fxg5 fxg5
26. Qe3 bxc3 27. Bxg7 cxb2+ 28. Kxb2 Kxg7 29. Rxg5+ hxg5 30. Qxg5+ Kf7 31. Rf1+
Ke8 32. Qg6+ Kd8 33. Rxf8+ Kc7 34. Rxc8+ Qxc8 35. h6 Bxe4 36. Qxe4 Qh8+ 37. Ka2
Qxh6 38. Qc4+ {Grandelius,N (2672)-Duda,J (2760) Wijk aan Zee 2022 1/2-1/2}) 9.
Bxf6 gxf6 {[#]} 10. h4 $146 ({Predecessor:} 10. f4 Bd7 11. Kb1 O-O-O 12. f5 Qb6
13. Nxc6 Bxc6 14. Qf4 d5 15. fxe6 Ba3 16. b3 Qb4 17. Qxf6 d4 18. Nd5 Bxd5 19.
exd5 Rxd5 20. Qf3 fxe6 21. Bc4 Rd6 22. Rhe1 Re8 23. c3 dxc3 24. Rxd6 Qxd6 25.
Qxc3 Rd8 26. Qe5 Qxe5 27. Rxe5 Kb8 28. Rxe6 Rc8 29. Re1 b5 30. Bd3 h6 31. g4
Rc3 32. Rd1 Be7 33. Bf5 Rh3 34. Rd2 Bb4 35. Re2 Bd6 36. g5 Rxh2 37. Rxh2 Bxh2
38. gxh6 b4 39. Kc2 Kc7 {Setyaki,A (2378)-Nasanjargal,U (2503) Ho Chi Minh
City 2019 1-0}) 10... h5 11. Kb1 b5 12. Nxc6 Qxc6 13. Bd3 Rb8 14. f3 b4 15. Ne2
a5 16. Nd4 Qc5 17. Rhe1 Bd7 18. Ne2 a4 19. Ng3 (19. b3 a3 20. g3) 19... a3 20.
b3 Qe5 21. c3 Qxg3 22. cxb4 Bh6 23. Qe2 Qe5 24. Qf2 Rg8 25. Re2 Rxb4 26. Rc2
Qd4 27. Qxd4 Rxd4 28. Be2 Rxd1+ 29. Bxd1 f5 30. exf5 exf5 31. Re2+ Be6 32. Bc2
Kd7 33. Bd3 Rc8 34. Bb5+ Kd8 35. Rc2 Rc5 36. Be2 Kc7 37. Rxc5+ dxc5 38. Kc2 Kd6
39. Kc3 Bg7+ 40. Kd3 Bxb3 0-1

[Event "2022 PHCC Championships    "]
[Site "Port Huron"]
[Date "2022.01.27"]
[Round "3"]
[White "Rutkofske, Lonnie"]
[Black "Rood, Eric"]
[Result "1/2-1/2"]
[WhiteElo "1731"]
[BlackElo "1883"]
[Annotator "alan1"]
[PlyCount "71"]
[EventDate "2022.01.27"]
[EventType "tourn"]
[EventRounds "9"]

1. e4 d5 2. exd5 Qxd5 3. Nc3 Qd8 4. Bc4 c5 ({Relevant:} 4... Nf6 5. Nf3 a6 6.
Qe2 e6 7. d4 Be7 8. Bg5 b5 9. Bb3 Bb7 10. Ne5 Nd5 11. Bxd5 Bxd5 12. Bxe7 Qxe7
13. Nxd5 exd5 14. O-O-O O-O 15. Rhe1 c6 16. Qg4 Qd6 17. Re3 Ra7 18. Rde1 Nd7
19. Nd3 Nf6 20. Qh4 a5 21. f3 a4 22. a3 h6 23. g4 Nh7 24. Qf2 Ng5 25. h4 Ne6
26. Re5 Rb7 27. f4 b4 28. Nxb4 Rxb4 29. axb4 Qxb4 30. c3 Qb3 31. Qc2 Qa2 32.
Qb1 Qc4 33. Kd2 Nxf4 34. Rf5 {Savchenko,B (2577)-Rakhmanov,A (2645) Moscow
2019 1-0 (65)}) 5. Nf3 Nf6 6. O-O e6 7. Re1 Be7 8. d3 a6 9. a4 O-O {[#]} 10.
Qe2 $146 ({Predecessor:} 10. Bd2 b6 11. Ne4 Bb7 12. Ne5 Bd5 13. Bc3 Nxe4 14.
dxe4 Bxc4 15. Nxc4 Qxd1 16. Raxd1 b5 17. Na5 Ra7 18. Be5 Ra8 19. Bd6 Bxd6 20.
Rxd6 Ra7 21. Red1 Rc7 22. Rd8 Nc6 23. Nxc6 Rxc6 24. R1d6 Rxd6 25. Rxd6 Ra8 26.
a5 Kf8 27. b3 Ke7 28. Rc6 c4 29. bxc4 Kd7 30. Rb6 bxc4 31. Kf1 Kc7 32. Ke2 Rb8
33. Rxb8 Kxb8 34. Kd2 {1-0 (34) Adiyaman,R (1882)-Guggenberger,G (1971) Fuerth
2016}) 10... Nc6 11. Rb1 h6 12. h3 Kh8 13. Bf4 Nd4 14. Nxd4 cxd4 15. Ne4 Bd7
16. Nxf6 Bxf6 17. Ra1 Bc6 18. Qd2 Bg5 19. Re5 (19. Bxg5 hxg5 20. Re5) 19... Qf6
20. Bxg5 Qxe5 21. Be7 (21. Bf4 Qf5 22. Bb3 {Black is better.}) 21... Rfe8 22.
Bh4 Qf5 23. Re1 Bxa4 24. Re4 e5 25. Rg4 Bd7 26. Bd5 Bc6 27. Be4 Bxe4 28. dxe4
Qd7 (28... Qe6 {Black is winning!}) 29. Bf6 Qxg4 30. hxg4 gxf6 31. Qxh6+ Kg8
32. Qxf6 Re6 33. Qg5+ Kh7 34. Qf5+ Kg7 35. Qg5+ Kh7 36. Qf5+ 1/2-1/2

[Event "2022 PHCC Championships   "]
[Site "Port Huron"]
[Date "2022.01.20"]
[Round "2"]
[White "Gregg, Alan"]
[Black "Wingrove, William"]
[Result "1-0"]
[WhiteElo "1918"]
[BlackElo "1534"]
[Annotator "Owner"]
[PlyCount "77"]
[EventDate "2022.01.13"]
[EventType "tourn"]
[EventRounds "9"]

1. e4 c5 2. Nf3 d6 3. d4 cxd4 4. Nxd4 Nf6 5. Bd3 Nbd7 ({Relevant:} 5... e5 6.
Ne2 d5 7. exd5 Qxd5 8. O-O Be7 9. Nbc3 Qd8 10. Ng3 O-O 11. Bg5 Nc6 12. Bxf6
Bxf6 13. Nd5 Be6 14. Be4 Bg5 15. Ne3 g6 16. Bd5 Bd7 17. Ne4 Be7 18. Nc4 Kg7 19.
Re1 Qc7 20. Qd2 Rad8 21. Qc3 Bb4 22. Qg3 Bxe1 23. Rxe1 Bf5 24. Ne3 Bxe4 25.
Bxe4 Kh8 26. Bxc6 bxc6 27. Nc4 f6 28. c3 Qd7 29. Qe3 Qd3 30. Qc5 Qd5 31. Qb4
Qb5 32. Qb3 Rb8 33. Ra1 Rfd8 34. h3 a5 35. Qxb5 {Van Foreest,J (2701)
-Sasikiran,K (2647) Chess.com INT 2021 0-1}) 6. O-O g6 7. c4 Bg7 8. Nc3 a6 9.
h3 O-O 10. Be3 Qc7 11. Rc1 {[#]} b6 $146 ({Predecessor:} 11... Qd8 12. Qd2 Ne5
13. Nd5 Nxd5 14. cxd5 Nxd3 15. Qxd3 Bd7 16. Qd2 Rc8 17. Bh6 Qb6 18. Bxg7 Kxg7
19. b3 e5 20. dxe6 fxe6 21. Rxc8 Rxc8 22. Nf3 Rd8 23. Rc1 h6 24. Qb2+ e5 25.
Rc2 Rf8 26. Kh2 Bc6 27. Nxe5 dxe5 28. Qxe5+ Rf6 29. Qe7+ Rf7 30. Qe5+ Kg8 31.
f3 Qc7 32. Qg3 Qxg3+ 33. Kxg3 Kg7 34. e5 Kf8 35. Rd2 Rd7 36. Rf2 Rd3 37. Kh2
Ke7 38. f4 Ke6 39. h4 h5 40. g3 Rd1 {0-1 (40) Carty,P-Haletzki,B Germany 1999})
12. Qd2 Bb7 13. Nd5 Qd8 14. Ne2 e6 15. Nxf6+ Nxf6 16. f3 Qe7 (16... Qc7) 17.
Bxb6 Nd7 18. Bd4 Ne5 19. Bb1 Rac8 20. b3 f6 21. Rcd1 Rfd8 22. Rfe1 d5 {[#]} 23.
f4 (23. exd5 exd5 24. c5) 23... Nf7 (23... dxc4 24. Qe3 Bh6 25. Qf2 Nd3 26.
Bxd3 cxd3 27. Rxd3 e5 28. Bc5 Qe8 29. Rxd8 Rxd8 30. Be3 {...equal.}) 24. Bb6
Rd7 25. exd5 exd5 26. Nc3 Qd6 27. c5 Qc6 28. Be4 Re7 29. Bxd5 Rxe1+ 30. Rxe1
Qd7 31. Bxf7+ Qxf7 32. Ne4 f5 33. Nd6 Qd7 34. Qd3 Be4 35. Qc4+ Kf8 36. Nxc8
Qxc8 37. Rd1 Bf6 38. a4 Qc6 39. Rd6 1-0

[Event "2022 PHCC Championships  "]
[Site "Port Huron"]
[Date "2022.01.20"]
[Round "2"]
[White "Avdic, Huso"]
[Black "Malburg, Drew"]
[Result "1-0"]
[WhiteElo "2092"]
[BlackElo "1348"]
[Annotator "Owner"]
[PlyCount "47"]
[EventDate "2022.02.10"]
[EventType "tourn"]
[EventRounds "9"]

1. c4 c5 2. Nc3 Nc6 3. Nf3 g6 4. g3 Bg7 5. Bg2 Nf6 6. O-O O-O 7. d4 b6 ({
Relevant:} 7... cxd4 8. Nxd4 Ng4 9. e3 d6 10. h3 Nge5 11. b3 Qa5 12. Bb2 Bd7
13. Nd5 Rfe8 14. Qe2 Nxd4 15. Bxd4 e6 16. Nc3 Bc6 17. Rad1 Bxg2 18. Kxg2 Qc7
19. Bxe5 Bxe5 20. Ne4 Qc6 21. Qf3 Rad8 22. Rd3 f5 23. Nd2 Bf6 24. Rd1 a6 25.
Nb1 Qxf3+ 26. Kxf3 Be7 27. Nc3 Rc8 28. a4 Kf7 29. h4 Rc5 30. e4 Rec8 31. exf5
gxf5 32. Kg2 d5 33. Ne2 dxc4 34. bxc4 Rxc4 35. Nf4 R8c6 36. Re3 Rxa4 37. Rd7 {
Sunilduth Lyna,N (2658)-Gareyev,T (2573) Chess.com INT 2021 1-0}) 8. b3 Bb7 9.
d5 {[#]} Nb4 $146 ({Predecessor:} 9... Nb8 10. Bb2 d6 11. Qc2 Nbd7 12. Rad1 Re8
13. h3 e5 14. dxe6 fxe6 15. Rxd6 Qe7 16. Rfd1 Rad8 17. Ng5 Bxg2 18. Rxe6 Qf8
19. Kxg2 Bh6 20. Nce4 Nxe4 21. Qxe4 Bxg5 22. Rxg6+ Kf7 23. Qf5+ Bf6 24. Rxd7+
Rxd7 25. Qxf6# {1-0 (25) Pearce,T-Giessing,K ICCF email 2011}) 10. a3 Nbxd5 11.
cxd5 Nxd5 12. Nxd5 Bxa1 13. Bg5 {[#]} Bf6 (13... Bxd5 14. Qxd5 Bf6 {Black
should be winning.} 15. Bxf6 exf6 16. Nd2 Qe7 17. e3 Rad8) 14. h4 Rb8 15. e4 d6
16. Bh6 Re8 17. h5 Bxd5 18. Qxd5 e6 19. Qd2 d5 20. e5 Be7 21. Qf4 c4 22. Ng5
Bxg5 23. Bxg5 Qd7 24. Bf6 1-0

[Event "2022 PHCC Championships "]
[Site "Port Huron"]
[Date "2022.01.20"]
[Round "2"]
[White "Morabito, Matthew"]
[Black "Rutkofske, Lonnie"]
[Result "1/2-1/2"]
[WhiteElo "1861"]
[BlackElo "1731"]
[Annotator "Owner"]
[PlyCount "38"]
[EventDate "2022.01.13"]
[EventType "tourn"]
[EventRounds "9"]

1. Nf3 g6 2. g3 Bg7 3. Bg2 d6 4. O-O f5 5. d3 Nf6 6. Nc3 c6 ({Relevant:} 6...
e5 7. e4 O-O 8. exf5 Bxf5 9. h3 Nc6 10. Re1 Qd7 11. Kh2 Rae8 12. Be3 h6 13. Nh4
d5 14. Bd2 Nd4 15. Ne2 Nxe2 16. Rxe2 c6 17. Bb4 Rf7 18. Qd2 g5 19. Nxf5 Qxf5
20. Rae1 g4 21. h4 h5 22. Kg1 Kh7 23. Bc5 b6 24. Be3 Kg8 25. c4 e4 26. Bg5 Rfe7
27. cxd5 cxd5 28. Bxf6 Bxf6 29. dxe4 dxe4 30. Qc2 Qc5 31. Qxc5 bxc5 32. Bxe4
Kg7 33. Kg2 Bd4 34. a3 a5 35. f3 gxf3+ 36. Bxf3 {Valderrama Quiceno,E (2429)
-Anton Guijarro,D (2703) chess24.com INT 2020 1/2-1/2}) 7. e4 e5 8. exf5 Bxf5 {
[#]} 9. Re1 $146 (9. d4 Nbd7 10. dxe5 dxe5 11. Qe2 Qe7 12. Be3 Ng4 13. Bg5 Bf6
14. Bxf6 Ngxf6) ({Predecessor:} 9. d4 e4 10. Re1 d5 11. Nh4 Qd7 12. f3 O-O 13.
Nxf5 gxf5 14. Bg5 Na6 15. a3 Rae8 16. Qd2 Nc7 17. Bh3 exf3 18. Qf4 Ne6 19. Qxf5
Nxg5 20. Qxd7 Nxd7 21. Bxd7 f2+ 22. Kg2 fxe1=Q {0-1 (22) Litwak,A (2295)
-Fischer,T (1954) Playchess.com INT 2020}) 9... O-O 10. Bg5 h6 11. Bxf6 Rxf6
12. d4 Nd7 13. dxe5 Nxe5 14. Nxe5 dxe5 15. Ne4 Bxe4 16. Rxe4 Qb6 17. Qe1 Raf8
18. Re2 {[#]} Rd6 $4 {One try for a win here needed to be 18...e4! if 19.Be4
then 19... Rf2 ! If Rf2, Bd4! winning! but the simple 19. c3 ends that pipe
dream, and seriously weakens the e-pawn. The best bet would be 18.Rf8-f7,
followed by repositioning the bishop via f8 to c5 to increase pressure on f2! 
(LWR)} (18... e4 19. c3) 19. c3 Rfd8 1/2-1/2

[Event "2022 PHCC Championships"]
[Site "Port Huron"]
[Date "2022.01.13"]
[Round "1"]
[White "Malburg, Drew"]
[Black "Gregg, Alan"]
[Result "0-1"]
[WhiteElo "1348"]
[BlackElo "1918"]
[Annotator "Owner"]
[PlyCount "62"]
[EventDate "2022.01.13"]
[EventType "tourn"]
[EventRounds "9"]

1. e4 c5 2. Nf3 e6 3. d4 cxd4 4. Nxd4 Nf6 5. Nc3 d6 6. Be3 a6 7. f3 Be7 8. Qd2
Qc7 9. O-O-O Nbd7 ({Relevant:} 9... b5 10. g4 Nc6 11. g5 Nd7 12. h4 Nde5 13. f4
Nc4 14. Bxc4 bxc4 15. h5 Rb8 16. g6 Bf6 17. Nxc6 Qxc6 18. Bd4 hxg6 19. hxg6
Rxh1 20. Rxh1 e5 21. fxe5 dxe5 22. Bxe5 Qb6 23. Bxb8 Qxb8 24. Rh8+ Ke7 25. Qd8+
Ke6 26. Re8+ {1-0 (26) Vlachos,A (2421)-Mikhailov,V (2428) Chess.com INT 2021})
10. g4 h6 11. Rg1 b5 12. h4 Ne5 {[#]} 13. Qg2 $146 ({Predecessor:} 13. g5 hxg5
14. hxg5 Nfd7 15. f4 Nc4 16. Bxc4 bxc4 17. g6 Bf6 18. gxf7+ Kxf7 19. Nxe6 Qa5
20. Qxd6 Rb8 21. Nxg7 Nf8 22. Qxb8 Bxc3 23. bxc3 Qxc3 24. Bd4 Qa3+ 25. Qb2 Qe7
26. Nf5 Bxf5 27. Rg7+ {1-0 (27) Eynullayev,A (2227)-Martins,C (2231) Chess.com
INT 2020}) 13... g6 14. g5 hxg5 15. hxg5 Nfd7 16. f4 Nc4 17. Bxc4 Qxc4 18. e5
d5 19. Rh1 Rf8 20. Kb1 Bb4 21. Nde2 Qc7 22. Rh4 Bb7 23. Bd4 Bc5 24. Qh2 Rc8 25.
Qf2 Qb6 26. b4 Bxd4 27. Qxd4 Qxd4 28. Nxd4 $4 {The losing move!} (28. Rxd4 {
...equal.}) 28... Rxc3 29. Kb2 Rc4 30. c3 Nb6 31. Rdh1 Na4+ 0-1

[Event "2022 PHCC Championships   "]
[Site "Port Huron"]
[Date "2022.01.13"]
[Round "1"]
[White "Wingrove, William"]
[Black "Rood, Eric"]
[Result "0-1"]
[WhiteElo "1534"]
[BlackElo "1883"]
[Annotator "Owner"]
[PlyCount "72"]
[EventDate "2022.01.13"]
[EventType "tourn"]
[EventRounds "9"]

1. e4 d6 2. d4 Nf6 3. Nc3 g6 4. f3 Bg7 5. Be3 c6 6. Qd2 Nbd7 7. O-O-O b5 8. h4
({Relevant:} 8. Bh6 Bxh6 9. Qxh6 Qa5 10. Kb1 Nb6 11. Nce2 Na4 12. Nc1 Rb8 13.
Nge2 b4 14. Nb3 Qc7 15. Nf4 Nb6 16. h4 a5 17. Nxa5 Ra8 18. Nb3 Qa7 19. Nc1 Ba6
20. Bxa6 Qxa6 21. h5 Rf8 22. hxg6 hxg6 23. e5 dxe5 24. dxe5 Nfd5 25. e6 Nxf4
26. Qxf4 fxe6 27. Qe4 Nd5 28. Qxe6 Qc4 29. Rhe1 Ra7 30. Re4 Qc5 31. Nb3 {
1-0 (31) Xiong,J (2709)-Valdes Romero,L (2402) Chess. com INT 2021}) 8... h5 9.
Nh3 Nb6 10. Nf2 {[#]} Qc7 $146 ({Predecessor:} 10... a5 11. Bd3 b4 12. Ne2 Ba6
13. g4 Nc4 14. Bxc4 Bxc4 15. Kb1 Qb8 16. gxh5 Nxh5 17. Nf4 Nxf4 18. Bxf4 Rh5
19. Ng4 a4 20. e5 dxe5 21. dxe5 Qb7 22. Rhe1 b3 23. cxb3 axb3 24. a3 Bd5 25.
Re3 Qc8 26. Qd4 Bxf3 27. Nf6+ Bxf6 28. Rxf3 Qf5+ 29. Ka1 Bxe5 30. Bxe5 Qxe5 31.
Qd7+ Kf8 32. Rxb3 c5 33. Qc6 Rb8 34. Rxb8+ Qxb8 35. Ka2 Rxh4 36. Qxc5 Rh5 37.
Qc3 f6 38. Qc4 Rb5 39. Rd8+ Qxd8 40. Qxb5 {Kou,Y (1599)-Unapkoshvili,N (1599)
Belfort 2005 1-0}) 11. Be2 Nc4 12. Bxc4 bxc4 13. d5 c5 14. Rde1 Rb8 15. Ncd1 {
[#]} Nxe4 $2 {This was a losing move for Black!} (15... Qb6) 16. Nxe4 Qb7 17.
c3 (17. Bd4 {Clearly winning!} Kf8 18. Bxg7+ Kxg7 19. Qc3+ f6 20. Ne3) 17...
Qa6 18. a3 Bf5 19. Bf4 Kd7 20. Ne3 Rb3 21. Nxf5 gxf5 22. Ng5 (22. Nxc5+ dxc5
23. Re3 Re8 24. Qc2 e6 25. Rd1 Kc8 26. dxe6 fxe6 27. Rd5 Bf8 28. Rxf5) 22...
Bxc3 23. bxc3 Qxa3+ 24. Kd1 Rb1+ 25. Ke2 Rb2 26. Rc1 (26. Ra1) 26... Rxd2+ 27.
Bxd2 Qa6 28. Ra1 Qb7 29. Rhb1 Qc7 30. Ra6 Rb8 31. Rc6 $2 {...losing move for
White!} (31. Rba1) 31... Rxb1 32. Rxc7+ Kxc7 33. f4 a5 34. Nf3 a4 35. Ne1 a3
36. Nc2 a2 0-1

[Event "2022 PHCC Championships  "]
[Site "Port Huron"]
[Date "2022.01.13"]
[Round "1"]
[White "Klaty, Braeden"]
[Black "Morabito, Matthew"]
[Result "1/2-1/2"]
[WhiteElo "1719"]
[BlackElo "1861"]
[PlyCount "53"]
[EventDate "2022.02.10"]
[EventType "tourn"]
[EventRounds "9"]

1. e4 c5 2. Nf3 Nc6 3. Bb5 g6 4. O-O Bg7 5. Nc3 a6 6. Bxc6 bxc6 7. d3 ({
Relevant:} 7. Re1 e5 8. a3 Ne7 9. b4 cxb4 10. axb4 O-O 11. d3 h6 12. Bd2 d6 13.
h3 Kh7 14. b5 cxb5 15. Nxb5 Bxh3 16. Nxd6 Bxg2 17. Kxg2 Qxd6 18. Rh1 f5 19. Qe2
f4 20. Rab1 Rac8 21. c3 Nc6 22. Rb6 a5 23. d4 Qc7 24. Rhb1 Rb8 25. Qa6 Qd7 26.
d5 Qg4+ 27. Kf1 Qxf3 28. dxc6 Qh1+ 29. Ke2 Qxe4+ 30. Kd1 Qxb1+ 31. Rxb1 Rxb1+
32. Kc2 Rfb8 33. c7 R8b2+ 34. Kd3 e4+ 35. Kxe4 Rxd2 36. c8=Q Re1+ {Gumularz,S 
(2513)-Haring,F (2306) Chess.com INT 2020 1-0}) 7... Nf6 8. e5 Nd5 9. Nxd5 (9.
Ne4 O-O 10. Re1) 9... cxd5 10. Be3 d6 {[#]} 11. exd6 $146 ({Predecessor:} 11.
d4 c4 12. h3 O-O 13. Re1 Rb8 14. Bg5 Be6 15. b3 h6 16. Bd2 Qc7 17. Qc1 Kh7 18.
Qa3 dxe5 19. dxe5 c3 20. Be3 Ra8 21. Bc5 Rfe8 22. Re3 Rac8 23. Bb4 Qb7 24. Rxc3
Rxc3 25. Bxc3 Bf5 26. Rc1 Rc8 27. Bb4 e6 28. c4 dxc4 29. Rxc4 Rxc4 30. bxc4 Be4
31. Bd6 Qb1+ 32. Kh2 Qc2 33. Qxa6 Qxf2 34. Qa3 g5 35. c5 f6 36. exf6 Bxf6 37.
Qa7+ Kg6 38. Qb8 Bxf3 39. Qg8+ Kh5 40. Qe8+ Kh4 {Vincent,A-Ucaroglu Melih,F
Houffalize 2011 0-1}) 11... Qxd6 12. d4 c4 13. c3 O-O 14. b3 Bg4 15. h3 Bxf3
16. Qxf3 cxb3 17. axb3 Rac8 18. Bf4 e5 19. Bxe5 Bxe5 20. dxe5 Qxe5 21. Rxa6
Rxc3 22. Qd1 Rfc8 23. Ra5 Qb8 24. Rxd5 Rxb3 25. Qd2 Qc7 26. Rd1 Qc6 27. Rd8+
1/2-1/2

[Event "2022 PHCC Championships "]
[Site "Port Huron"]
[Date "2022.01.13"]
[Round "1"]
[White "Rutkofske, Lonnie"]
[Black "Klaty, Trenton"]
[Result "1-0"]
[WhiteElo "1731"]
[BlackElo "1171"]
[Annotator "Owner"]
[PlyCount "77"]
[EventDate "2022.01.13"]
[EventType "tourn"]
[EventRounds "9"]

1. f4 d5 2. Nf3 c5 3. e3 Nf6 4. b3 e6 5. Bb2 Be7 6. Be2 O-O 7. O-O {[#]} a5
$146 ({Relevant:} 7... Ne4 8. d3 Nd6 9. g4 Nc6 10. Ne5 f6 11. Nxc6 bxc6 12. Qe1
a5 13. Nc3 e5 14. Na4 exf4 15. exf4 Nb5 16. Qf2 d4 17. Bf3 Qc7 18. Rae1 Bd6 19.
Bc1 Bd7 20. f5 Rae8 {1/2-1/2 (20) Panjwani,R (2431)-Lenderman,A (2621)
Charlotte 2021}) 8. Ne5 a4 9. g4 Nbd7 10. g5 Ne4 11. Ng4 Nb6 12. Rf3 c4 13. Bd4
cxb3 14. cxb3 Bc5 15. Bxc5 Nxc5 16. b4 Ne4 17. d3 e5 18. Nxe5 (18. Rf1) 18...
Nxg5 {Black is better.} 19. Rg3 f6 (19... Nh3+ 20. Kg2 d4 21. Bg4 Nd5 22. Rxh3
Nxe3+ 23. Rxe3 dxe3 24. Bf3) 20. Ng4 Nf7 21. a3 Re8 22. Qc1 Bd7 23. Qb2 Re6 24.
Nd2 Bb5 25. Nf3 Bd7 26. Nd4 Rd6 27. Rf1 Rc8 28. Kh1 f5 (28... Kh8 {...equal.})
29. Nxf5 {[#]} d4 30. Nxd6 Bxg4 31. Nxc8 Bxc8 32. e4 Be6 33. Rfg1 g5 34. Bh5
Kh8 35. Bxf7 Bxf7 36. Rxg5 Nc8 37. Qc2 b6 38. Qc6 Ne7 39. Qf6# 1-0

[Event "2022 PHCC Championships"]
[Site "Port Huron"]
[Date "2022.01.13"]
[Round "1"]
[White "Klaty, Brad"]
[Black "Avdic, Huso"]
[Result "0-1"]
[WhiteElo "1222"]
[BlackElo "2092"]
[Annotator "alan1"]
[PlyCount "116"]
[EventDate "2022.01.13"]
[EventType "tourn"]
[EventRounds "9"]

1. e4 c5 2. b3 Nc6 3. Bb2 d6 4. f4 Nf6 5. Nc3 e6 ({Relevant:} 5... g6 6. Bb5
Bd7 7. Bxc6 Bxc6 8. Qe2 Bg7 9. O-O-O O-O 10. Nf3 b5 11. e5 Nh5 12. g3 b4 13.
Ne4 a5 14. d4 c4 15. d5 c3 16. Bxc3 bxc3 17. dxc6 a4 18. b4 Qb6 19. b5 Rab8 20.
Nxc3 Qc5 21. Rd3 Rfc8 22. Qe4 dxe5 23. Nxe5 Nf6 24. Qxa4 e6 25. Qc4 Qa3+ 26.
Kd2 Qa5 27. Ke2 h5 28. Rb1 h4 29. Qb4 Qb6 30. Nc4 Qc7 31. Qd6 hxg3 32. Qxc7
Rxc7 33. hxg3 Ne8 34. Ne5 Bxe5 35. fxe5 {Delgado Ramirez,N (2613)-Cuartas,J 
(2492) Medellin 2017 1-0}) 6. Qf3 Nd4 7. Qd3 Bd7 {[#]} 8. Nge2 $146 ({
Predecessor:} 8. Nf3 Nxf3+ 9. gxf3 Nh5 10. O-O-O Nxf4 11. Qe3 e5 12. Rg1 Qa5
13. Bc4 f6 14. Nd5 Nxd5 15. Bxd5 O-O-O 16. Kb1 g5 17. c3 Be7 18. h4 h6 19. Rh1
f5 20. exf5 Bxf5+ 21. Ka1 Bf6 22. hxg5 hxg5 23. Be4 Be6 24. Bc2 Kb8 25. d4 cxd4
26. cxd4 Bc8 27. Rxh8 Rxh8 28. dxe5 dxe5 29. Re1 Re8 30. Bg6 Re7 31. Be4 Qb6
32. Qxb6 axb6 33. Ba3 Rd7 34. Kb1 Rd8 35. Bb2 Bd7 36. Rh1 Rh8 37. Rd1 Kc7 {
Reprintsev,A (2321)-Arkell,K (2450) Marianske Lazne 2016 1/2-1/2}) 8... Nc6 9.
a3 a6 10. Ng3 Be7 11. Be2 h5 12. h4 Qc7 13. Rf1 b5 14. Qe3 Nd4 {[#]} 15. Bd1 {
This was a losing move!} (15. O-O-O {Best here!}) 15... Ng4 16. Qg1 Bxh4 17.
Rf3 Nxf3+ 18. gxf3 Nf6 19. Nce2 O-O-O 20. c4 Bc6 21. b4 Nd7 22. a4 bxc4 23. b5
axb5 24. axb5 Bxb5 25. Ra8+ Kb7 26. Ra3 d5 27. Bc3 Ra8 28. Bb2 d4 29. Kf2 g5
30. Qh2 Bxg3+ 31. Qxg3 gxf4 32. Qg5 f6 33. Qh4 e5 34. Qh3 Qd6 35. Ke1 h4 36.
Ng1 Rxa3 37. Bxa3 Nb6 38. Qg4 Bd7 39. Qg7 Ra8 40. Bc1 Ra1 41. Bb2 Ra2 42. Bc1
Ka6 43. Qf7 d3 44. Bb3 Be6 45. Bxa2 Bxf7 46. Bb2 Be6 47. Kf2 h3 48. Bc3 Qd4+
49. Bxd4 cxd4 50. Nxh3 Bxh3 51. Kg1 c3 52. dxc3 dxc3 53. Bb1 c2 54. Bxc2 dxc2
55. Kh2 c1=Q 56. Kxh3 Qg1 57. Kh4 Qg5+ 58. Kh3 Qg3# 0-1